| 000 | 00386nam a2200169Ia 4500 | ||
|---|---|---|---|
| 008 | 210210b1968 xxu||||| |||| 00| 0 eng d | ||
| 041 | _aeng | ||
| 082 | _a520/211 | ||
| 100 | _aFIRSOFF (V Axel) | ||
| 245 | _aInterior planets | ||
| 260 |
_aLondon _bOliver & Boyd, _c1968 |
||
| 300 | _avii,120 | ||
| 650 | _aplanets | ||
| 650 | _aInterior | ||
| 690 | _aAstronomy | ||
| 906 | _a008196 | ||
| 999 |
_c126082 _d126082 |
||